La estancia del buque en puerto

Bibliographic Details
Main Author: Conesa Prieto, Gerardo
Other Authors: Borrs̀ Rodrg̕uez, Alegra̕ (pr)
Format: Thesis
Language:Spanish
Published: Barcelona : Jose Mara̕ Bosch, 1993
Series:Biblioteca de Derecho Mart̕imo ; 16
Subjects:
Online Access:Acceso restringido

MARC

LEADER 00000ny a22000003n 4500
005 20110607111545.0
008 941011s1993 sp s 000 0 spa c
017 |a B2625-1993 
020 |a 847698264X 
035 |a 1210 
040 |a UCM.DER  |d vLex 
040 |a UMA.RE  |d vLex 
080 |a 347.794(043) 
090 |c 518  |d 518 
100 1 |a Conesa Prieto, Gerardo 
245 1 3 |a La estancia del buque en puerto  |h [Recurso electrn̤ico]  |c Gerardo Conesa Prieto 
256 |a Servicio en ln̕ea 
260 |a Barcelona :  |b Jose Mara̕ Bosch,  |c 1993 
300 |a 231 p. ;  |c 24 cm 
490 1 |a Biblioteca de Derecho Mart̕imo ;  |v 16 
502 |a Tesis Univ. de Barcelona 
506 1 |a Contenido solo disponible en los productos indicados  |d vLex Global  |d vLex Global (Academic Edition, excluding Law Schools)  |d vLex Global (U.S. Academic Edition, Law Schools)  |d vLex Global (U.S. Academic Edition, excluding Law Schools)  |d vLex Global (Academic Edition, Law Schools) 
650 0 7 |a Derecho mart̕imo  |2 Tesauro vLex 
650 0 7 |a Estancia del buque  |2 Tesauro vLex 
650 0 7 |a Situaciones del buque  |2 Tesauro vLex 
700 1 |a Borrs̀ Rodrg̕uez, Alegra̕,  |e pr 
740 0 |a vLex Libros (Servicios en ln̕ea) 
856 4 0 |u http://vlex.com/source/1210  |z Acceso restringido 
942 |c BOOK 
999 0 |a Maritime law  |b Barcelona